[Event "Maastricht Limburg op-A 9th"]
[Site "Maastricht"]
[Date "2015.05.25"]
[Round "7"]
[White "Vanhuyse, Nele"]
[Black "Dalemans, Diana"]
[Result "1-0"]
[WhiteElo "2035"]
[BlackElo "2012"]
[PlyCount "85"]
[EventDate "2015.05.22"]
[EventType "swiss"]
[EventRounds "7"]
[EventCountry "NED"]
[SourceTitle "CBM 166 Extra"]
[Source "ChessBase"]
[SourceDate "2015.06.18"]
[SourceVersion "1"]
[SourceVersionDate "2015.06.18"]
[SourceQuality "1"]

1. e4 g6 2. d4 Bg7 3. f4 c5 4. Nf3 cxd4 5. Nxd4 Nc6 6. Nb3 d6 7. Nc3 Nf6 8. Be2 0-0 9. 0-0 Be6 10. Bf3 a5 11. a4 Bxb3 12. cxb3 Qb6+ 13. Kh1 Nb4 14. Re1 Nd7 15. Be3 Qd8 16. Rc1 Nc5 17. Be2 b6 18. Bc4 Rc8 19. Qd2 Qc7 20. Rcd1 Qb7 21. Bf2 Bh6 22. Be3 Bg7 23. Qf2 e6 24. Bd4 e5 25. Be3 Rcd8 26. Nd5 Nxd5 27. Bxd5 Qd7 28. Qe2 Kh8 29. Rf1 exf4 30. Rxf4 Qe7 31. Qf2 f5 32. exf5 Rxf5 33. Rxf5 gxf5 34. Bd4 Bxd4 35. Qxd4+ Qe5 36. Qh4 Re8 37. h3 Ne4 38. Bc4 Ng3+ 39. Kg1 Ne4 40. Rd5 Qxb2 41. Rxf5 Nd2 42. Qf2 Qa1+ 43. Kh2 1-0

[Event "Maastricht Limburg op-A 9th"]
[Site "Maastricht"]
[Date "2015.05.24"]
[Round "5"]
[White "Beerdsen, Thomas"]
[Black "Dalemans, Diana"]
[Result "1-0"]
[WhiteElo "2291"]
[BlackElo "2012"]
[PlyCount "87"]
[EventDate "2015.05.22"]
[EventType "swiss"]
[EventRounds "7"]
[EventCountry "NED"]
[SourceTitle "CBM 166 Extra"]
[Source "ChessBase"]
[SourceDate "2015.06.18"]
[SourceVersion "1"]
[SourceVersionDate "2015.06.18"]
[SourceQuality "1"]

1. e4 g6 2. d4 Bg7 3. c3 d5 4. Nd2 c5 5. dxc5 Nf6 6. exd5 Qxd5 7. Ngf3 Qxc5 8. g3 0-0 9. Bg2 Qc7 10. 0-0 Nc6 11. Qa4 Bf5 12. Nb3 e5 13. Re1 a6 14. Qh4 Ng4 15. h3 Nf6 16. Bh6 Rfe8 17. g4 Be6 18. Ng5 Bxb3 19. axb3 Bh8 20. Ne4 Nxe4 21. Bxe4 Nd8 22. b4 Ne6 23. Be3 Red8 24. Qg3 Nf4 25. Qf3 Rd7 26. b5 Nd3 27. Bxd3 Rxd3 28. bxa6 Rxa6 29. Rxa6 bxa6 30. Qa8+ Qd8 31. Qxa6 e4 32. Kg2 Bf6 33. Qc6 Rd5 34. Ra1 Kg7 35. Ra8 Qd7 36. Qxd7 Rxd7 37. Ra4 Rb7 38. g5 Bd8 39. Rxe4 Rxb2 40. Re8 Ba5 41. Bd4+ f6 42. gxf6+ Kf7 43. Re7+ Kf8 44. Bc5 1-0

[Event "EU-ch U18 Girls"]
[Site "Prague"]
[Date "2012.08.17"]
[Round "1"]
[White "Dalemans, Diana"]
[Black "Bass, Leenoy"]
[Result "0-1"]
[WhiteElo "1958"]
[BlackElo "1614"]
[PlyCount "80"]
[EventDate "2012.08.17"]
[EventType "swiss"]
[EventRounds "9"]
[EventCountry "CZE"]
[SourceTitle "CBM 150 Extra"]
[Source "ChessBase"]
[SourceDate "2012.10.19"]
[SourceVersion "1"]
[SourceVersionDate "2012.10.19"]
[SourceQuality "1"]

1. e4 e5 2. Nf3 Nc6 3. Bb5 f5 4. d3 Bc5 5. c3 fxe4 6. dxe4 Nf6 7. Qd3 Qe7 8. b4 Bb6 9. Bc4 d6 10. Bg5 Be6 11. Nbd2 0-0 12. 0-0 Qf7 13. a4 a6 14. Bxe6 Qxe6 15. Nc4 Ba7 16. b5 axb5 17. axb5 Ne7 18. Bh4 Ng6 19. Bg3 h6 20. Ne3 Bxe3 21. fxe3 Kh8 22. Nh4 Qg4 23. Nxg6+ Qxg6 24. Rxa8 Rxa8 25. Qc4 Rc8 26. Qe6 Re8 27. Qc4 Rc8 28. Rf5 Qg4 29. Rf3 Qxe4 30. Qf7 Nd5 31. h3 Nxe3 32. Bf2 Qb1+ 33. Kh2 Nf1+ 34. Kh1 Nd2+ 35. Kh2 Nxf3+ 36. Qxf3 Qxb5 37. Be3 Qc6 38. Qg4 Rf8 39. Qh4 Qd7 40. Bg5 Qf7 0-1

[Event "NED-ch U17 Girls"]
[Site "Haarlem"]
[Date "2011.05.07"]
[Round "8"]
[White "De Vries, Emma"]
[Black "Dalemans, Diana"]
[Result "0-1"]
[WhiteElo "1584"]
[BlackElo "1953"]
[PlyCount "50"]
[EventDate "2011.04.30"]
[EventType "swiss"]
[EventRounds "9"]
[EventCountry "NED"]
[SourceTitle "EXT 2012"]
[Source "ChessBase"]
[SourceDate "2011.11.24"]
[SourceVersion "1"]
[SourceVersionDate "2011.11.24"]
[SourceQuality "1"]

1. e4 c5 2. Nf3 Nc6 3. c3 d5 4. Bb5 dxe4 5. Ne5 Qd6 6. Nxc6 bxc6 7. Be2 Nf6 8. 0-0 Bf5 9. Na3 e6 10. Nc4 Qc7 11. Re1 Rd8 12. f3 Be7 13. fxe4 Bxe4 14. Bf3 Bd5 15. Qe2 0-0 16. d3 Rfe8 17. Bg5 Bxf3 18. Qxf3 Nd5 19. Bxe7 Rxe7 20. Rad1 Qf4 21. Qxf4 Nxf4 22. Ne5 Rc7 23. Re4 Nd5 24. Rc4 Ne3 25. Rxc5 Nxd1 0-1

[Event "NED-ch U17 Girls"]
[Site "Haarlem"]
[Date "2011.05.05"]
[Round "6"]
[White "Dalemans, Diana"]
[Black "Lacourt, Frederique"]
[Result "1-0"]
[WhiteElo "1953"]
[BlackElo "1452"]
[PlyCount "159"]
[EventDate "2011.04.30"]
[EventType "swiss"]
[EventRounds "9"]
[EventCountry "NED"]
[SourceTitle "EXT 2012"]
[Source "ChessBase"]
[SourceDate "2011.11.24"]
[SourceVersion "1"]
[SourceVersionDate "2011.11.24"]
[SourceQuality "1"]

1. e4 e5 2. Nf3 Nc6 3. Bc4 Bc5 4. b4 Bxb4 5. c3 Ba5 6. d4 exd4 7. 0-0 d6 8. Qb3 Qf6 9. cxd4 Bb6 10. e5 Qg6 11. exd6 cxd6 12. d5 Nb8 13. Re1+ Ne7 14. Nc3 Nd7 15. Nb5 0-0 16. Bd3 Nf5 17. Nh4 Qf6 18. Nxf5 Ne5 19. Nfd4 Nxd3 20. Qxd3 a6 21. Be3 axb5 22. Nxb5 Bxe3 23. Qxe3 Ra5 24. Qb6 Ra6 25. Qc7 Qd8 26. Qc4 Ra5 27. a4 b6 28. Qc6 Ba6 29. Qc4 Qa8 30. Reb1 Rc8 31. Qe2 Rc5 32. Qb2 Bxb5 33. axb5 Rxa1 34. Rxa1 Qxd5 35. Qe2 g6 36. Rb1 Kg7 37. h3 Qc4 38. Qe8 Qf4 39. Qe2 Rc1+ 40. Rxc1 Qxc1+ 41. Kh2 Qc5 42. g3 d5 43. Qe5+ f6 44. Qe2 Kf7 45. h4 Qe7 46. Qa2 Qe6 47. Qa7+ Kg8 48. Qb8+ Kg7 49. Qc7+ Kh6 50. Qc6 Qe5 51. Qxb6 d4 52. Qd8 Qxb5 53. Qxd4 Qf5 54. Kg2 Kh5 55. Qe3 Qd5+ 56. f3 g5 57. Qe7 Kg6 58. h5+ Kf5 59. Qxh7+ Ke5 60. Qe7+ Qe6 61. Qxe6+ Kxe6 62. g4 Kf7 63. Kf2 Kg7 64. Ke3 Kh6 65. Ke4 Kg7 66. Kf5 Kf7 67. h6 Kg8 68. Kxf6 Kh7 69. Kxg5 Kg8 70. Kg6 Kh8 71. f4 Kg8 72. f5 Kh8 73. f6 Kg8 74. f7+ Kf8 75. h7 Ke7 76. h8Q Ke6 77. Qf6+ Kd7 78. f8Q Kc7 79. Q8e7+ Kc8 80. Qff8# 1-0

[Event "NED-ch U17 Girls"]
[Site "Haarlem"]
[Date "2011.05.02"]
[Round "3"]
[White "Ratsma, Rosa"]
[Black "Dalemans, Diana"]
[Result "0-1"]
[WhiteElo "1726"]
[BlackElo "1953"]
[PlyCount "190"]
[EventDate "2011.04.30"]
[EventType "swiss"]
[EventRounds "9"]
[EventCountry "NED"]
[SourceTitle "EXT 2012"]
[Source "ChessBase"]
[SourceDate "2011.11.24"]
[SourceVersion "1"]
[SourceVersionDate "2011.11.24"]
[SourceQuality "1"]

1. e4 d5 2. exd5 Qxd5 3. Nc3 Qa5 4. Nf3 Nf6 5. Be2 Bf5 6. 0-0 c6 7. d4 e6 8. Bf4 Be7 9. a3 0-0 10. Na2 Nbd7 11. c4 Nh5 12. b4 Qd8 13. Be3 Qc7 14. Qc1 Bd6 15. c5 Bf4 16. g3 Bxe3 17. Qxe3 Nhf6 18. Nc3 Rfe8 19. Nh4 Bg6 20. Nxg6 hxg6 21. Bf3 Rad8 22. Rad1 Nb8 23. Ne4 Nxe4 24. Bxe4 Nd7 25. Rfe1 Nf6 26. Qb3 Nd5 27. f4 Re7 28. Re2 Red7 29. Red2 Nf6 30. Bf3 Kf8 31. Kf2 Ng8 32. Qe3 Nh6 33. g4 Ng8 34. Rg1 Ne7 35. Rg3 a5 36. Rh3 Kg8 37. Be4 Nd5 38. Bxd5 Rxd5 39. Rf3 axb4 40. axb4 Qd7 41. f5 exf5 42. gxf5 Rxf5 43. Rxf5 gxf5 44. Qg5 Re8 45. Kg2 Re4 46. h3 Qd5 47. Kf2 Qd7 48. Kf3 f6 49. Qg6 Qe6 50. Kg2 Re1 51. Qg3 Qe4+ 52. Kf2 f4 53. Qb3+ Kh8 54. Ra2 Kh7 55. Qc2 Kg6 56. Qxe4+ Rxe4 57. Ra7 Rxd4 58. Rxb7 Kh6 59. Rb6 Kg5 60. Rxc6 Rxb4 61. Rd6 Rc4 62. c6 f5 63. Rd7 Kg6 64. c7 Rc3 65. h4 Kh6 66. h5 Kh7 67. Rf7 Kh6 68. Rd7 Kxh5 69. Rxg7 Kh6 70. Rd7 Kg6 71. Rd6+ Kf7 72. Rd5 Ke6 73. Rd4 Rxc7 74. Rxf4 Ke5 75. Rb4 Rc2+ 76. Kf3 Rc3+ 77. Kf2 Ra3 78. Rb5+ Kf4 79. Rb4+ Kg5 80. Rb5 Kg4 81. Rb4+ f4 82. Rb2 Rh3 83. Rb4 Rh2+ 84. Kg1 Rc2 85. Rb8 Kg3 86. Rg8+ Kf3 87. Re8 Rc1+ 88. Kh2 Kf2 89. Rb8 Rc2 90. Re8 f3 91. Kh3 Kf1 92. Kg3 f2 93. Kh2 Rc6 94. Rb8 Rh6+ 95. Kg3 Kg1 0-1

[Event "Maastricht Limburg op-A 4th"]
[Site "Maastricht"]
[Date "2010.05.24"]
[Round "6"]
[White "Dalemans, Diana"]
[Black "Larmuseau, Michiel"]
[Result "0-1"]
[WhiteElo "1906"]
[BlackElo "2068"]
[PlyCount "74"]
[EventDate "2010.05.21"]
[EventType "swiss"]
[EventRounds "7"]
[EventCountry "NED"]
[SourceTitle "CBM 136 Extra"]
[Source "ChessBase"]
[SourceDate "2010.07.02"]
[SourceVersion "2"]
[SourceVersionDate "2010.07.15"]
[SourceQuality "1"]

1. e4 e6 2. d4 d5 3. Nd2 Be7 4. e5 c5 5. c3 Nc6 6. Ne2 Qb6 7. Nf3 f6 8. exf6 Bxf6 9. g3 Nge7 10. dxc5 Qxc5 11. Bg2 0-0 12. 0-0 e5 13. Be3 Qd6 14. Qc2 Bf5 15. Qb3 Na5 16. Qb5 b6 17. a3 Nc4 18. Rfd1 Rac8 19. h3 Bc2 20. Re1 Nxe3 21. fxe3 Rc5 22. Qb4 a5 23. Qg4 Rc4 24. e4 Bxe4 25. Nd2 Qc5+ 26. Kh2 Bxg2 27. Qe6+ Kh8 28. Kxg2 Qc6 29. Qxc6 Rxc6 30. g4 Ng6 31. Nf3 e4 32. Nfd4 Bxd4 33. Nxd4 Nf4+ 34. Kg3 Rcf6 35. Nf5 Nd3 36. Rf1 g6 37. Ne3 Rf3+ 0-1

[Event "Maastricht Limburg op-A 4th"]
[Site "Maastricht"]
[Date "2010.05.22"]
[Round "3"]
[White "Vrancken, Gilbert"]
[Black "Dalemans, Diana"]
[Result "1-0"]
[WhiteElo "2165"]
[BlackElo "1906"]
[PlyCount "95"]
[EventDate "2010.05.21"]
[EventType "swiss"]
[EventRounds "7"]
[EventCountry "NED"]
[SourceTitle "CBM 136 Extra"]
[Source "ChessBase"]
[SourceDate "2010.07.02"]
[SourceVersion "2"]
[SourceVersionDate "2010.07.15"]
[SourceQuality "1"]

1. d4 Nf6 2. Bg5 e6 3. Nf3 Be7 4. Nbd2 d5 5. e3 0-0 6. Bd3 c5 7. c3 Nc6 8. 0-0 c4 9. Bc2 b5 10. Ne5 Bb7 11. f4 Nxe5 12. fxe5 Nd7 13. Bxe7 Qxe7 14. Qh5 g6 15. Qh6 f6 16. Qh4 Qg7 17. exf6 Nxf6 18. Nf3 Rae8 19. a4 a6 20. axb5 axb5 21. Ra7 Re7 22. Ne5 Ne8 23. Rxf8+ Kxf8 24. Ra1 Nd6 25. Rf1+ Kg8 26. g4 g5 27. Qg3 Re8 28. Rf3 Rf8 29. Kg2 Bc8 30. Rxf8+ Qxf8 31. Nf3 Nf7 32. Qc7 Qe8 33. Ne5 Nxe5 34. Qxh7+ Kf8 35. Qh8+ Ke7 36. Qxe5 Qg8 37. Qb8 Qe8 38. Kg3 Qh8 39. Kg2 Qe8 40. Qe5 Qg8 41. Kg3 Bd7 42. h4 gxh4+ 43. Kxh4 Qf8 44. Qg5+ Qf6 45. Qxf6+ Kxf6 46. g5+ Kg7 47. Kh5 Be8+ 48. g6 1-0

[Event "NED-ch U15 Girls"]
[Site "Venlo"]
[Date "2009.05.02"]
[Round "9"]
[White "Dalemans, Diana"]
[Black "Hortensius, Myrre"]
[Result "1-0"]
[WhiteElo "1850"]
[BlackElo "1721"]
[PlyCount "109"]
[EventDate "2009.04.24"]
[EventType "swiss"]
[EventRounds "9"]
[EventCountry "NED"]
[SourceTitle "EXT 2013"]
[Source "ChessBase"]
[SourceDate "2012.11.22"]
[SourceVersion "1"]
[SourceVersionDate "2012.11.22"]
[SourceQuality "1"]

1. e4 c5 2. Nf3 d6 3. d4 cxd4 4. Nxd4 Nf6 5. Nc3 a6 6. Be2 e6 7. 0-0 Be7 8. a4 Qc7 9. a5 Nc6 10. Nb3 Bd7 11. Be3 Rc8 12. f4 0-0 13. Kh1 Nb4 14. Bb6 Qb8 15. Bf3 Bd8 16. Bf2 b6 17. axb6 Bxb6 18. Bh4 Bd8 19. Bg3 Bc6 20. Nd4 Bb7 21. Rc1 Bb6 22. Bf2 Bc5 23. Nb3 Bxf2 24. Rxf2 Rfd8 25. Rd2 h6 26. Qe2 Kf8 27. Rcd1 Ke7 28. Na5 Ba8 29. Nc4 Ne8 30. Na4 Rc6 31. c3 Qb5 32. b3 Rxc4 33. bxc4 Qxa4 34. cxb4 Qxb4 35. e5 Bxf3 36. gxf3 Qc5 37. f5 a5 38. fxe6 fxe6 39. Qe4 Qc7 40. Qg6 a4 41. exd6+ Rxd6 42. Rxd6 Nxd6 43. Qxg7+ Nf7 44. Qc3 Qc6 45. c5 Ng5 46. Kg2 Nf7 47. Rb1 Nd8 48. Rb8 Qd5 49. Rb4 Qc6 50. Qg7+ Nf7 51. Rb6 Qd5 52. c6 Qd2+ 53. Kh3 Qf4 54. Rb7+ Kd6 55. Qxf7 1-0

[Event "EU-ch U14 Girls 18th"]
[Site "Herceg Novi"]
[Date "2008.09.22"]
[Round "7"]
[White "Dalemans, Diana"]
[Black "Tomnikova, Lidia"]
[Result "1-0"]
[WhiteElo "1802"]
[BlackElo "1980"]
[PlyCount "97"]
[EventDate "2008.09.15"]
[EventType "swiss"]
[EventRounds "9"]
[EventCountry "MNE"]
[SourceTitle "CBM 126 Extra"]
[Source "ChessBase"]
[SourceDate "2008.11.05"]
[SourceVersion "1"]
[SourceVersionDate "2008.11.05"]
[SourceQuality "1"]

1. e4 e5 2. Nf3 Nc6 3. d4 exd4 4. Nxd4 Bc5 5. c3 Qf6 6. Be3 Nge7 7. Be2 d6 8. 0-0 Qg6 9. Bf3 0-0 10. Kh1 Ne5 11. Nd2 Nxf3 12. Qxf3 c6 13. Qe2 Bb6 14. f4 f5 15. exf5 Nxf5 16. Nxf5 Bxf5 17. Qf2 Bxe3 18. Qxe3 Rae8 19. Qf2 Bg4 20. Rae1 Qc2 21. h3 Bf5 22. Rxe8 Rxe8 23. Re1 Kf7 24. Rxe8 Kxe8 25. Qe3+ Kd7 26. Qd4 Qd1+ 27. Kh2 Ke6 28. Qe3+ Kf7 29. Nf3 Qa4 30. Ng5+ Kf6 31. b3 Qa5 32. Qd4+ Ke7 33. Qxg7+ Kd8 34. Nf7+ Kc7 35. Ne5+ Kb8 36. Qf8+ Bc8 37. Qxd6+ Qc7 38. Qxc7+ Kxc7 39. g4 Kd6 40. Kg3 Be6 41. h4 Ke7 42. f5 Bc8 43. Kf4 Kf6 44. g5+ Kg7 45. f6+ Kf8 46. h5 Be6 47. g6 hxg6 48. hxg6 Kg8 49. Kg5 1-0

[Event "EU-ch U14 Girls 18th"]
[Site "Herceg Novi"]
[Date "2008.09.17"]
[Round "3"]
[White "Dalemans, Diana"]
[Black "Lach, Aleksandra"]
[Result "0-1"]
[WhiteElo "1802"]
[BlackElo "2035"]
[PlyCount "52"]
[EventDate "2008.09.15"]
[EventType "swiss"]
[EventRounds "9"]
[EventCountry "MNE"]
[SourceTitle "CBM 126 Extra"]
[Source "ChessBase"]
[SourceDate "2008.11.05"]
[SourceVersion "1"]
[SourceVersionDate "2008.11.05"]
[SourceQuality "1"]

1. e4 c5 2. Nf3 d6 3. d4 cxd4 4. Nxd4 Nf6 5. Nc3 a6 6. Be2 e5 7. Nb3 Be7 8. 0-0 0-0 9. a4 Be6 10. f4 exf4 11. Bxf4 Nc6 12. Kh1 Rc8 13. Nd4 Ne5 14. Nxe6 fxe6 15. Bxe5 dxe5 16. Bg4 Qb6 17. Qf3 Bb4 18. Qh3 Rce8 19. Rab1 Bxc3 20. bxc3 Nxe4 21. Bxe6+ Kh8 22. Qh4 Nd2 23. Rxf8+ Rxf8 24. Rd1 Qxe6 25. Qb4 Qf5 26. h3 Ne4 0-1